The dyslexia-friendly teacher's toolkit : (Record no. 137777)

MARC details
000 -LEADER
fixed length control field 00668nam a22002057a 4500
005 - DATE AND TIME OF LATEST TRANSACTION
control field 20170222143858.0
010 ## - LCCN (DPL NO)
LC control number ENG-117303
020 ## - INTERNATIONAL STANDARD BOOK NUMBER
International Standard Book Number 9789386062543
Terms of availability 595.00
035 ## - SYSTEM CONTROL NUMBER
System control number EN-100835
037 ## - SOURCE OF ACQUISITION
Source of stock number/acquisition DBAD/PUB
082 00 - DEWEY DECIMAL CLASSIFICATION NUMBER
Classification number 371.91443
245 10 - TITLE STATEMENT
Title The dyslexia-friendly teacher's toolkit :
Statement of responsibility, etc by
Remainder of title strategies for teaching students 3-1/
260 ## - PUBLICATION, DISTRIBUTION, ETC. (IMPRINT)
Place of publication, distribution, etc New Delhi
Name of publisher, distributor, etc SAGE Publications,
Date of publication, distribution, etc 2017
270 ## - ADDRESS
Address B1/I-1 Mohan Cooperative Industrial Area, Mathura Road
City New Delhi
Postal code 110044
300 ## - PHYSICAL DESCRIPTION
Extent xi,256p.
Dimensions 23 cm.(pbk)
504 ## - BIBLIOGRAPHY, ETC. NOTE
Bibliography, etc Includes index.
700 ## - ADDED ENTRY--PERSONAL NAME
Personal name Meehan, Margaret
700 ## - ADDED ENTRY--PERSONAL NAME
Personal name Davis, Sarah
942 ## - ADDED ENTRY ELEMENTS (KOHA)
Source of classification or shelving scheme Dewey Decimal Classification
Item type English Books
Classification part 370.1523
Call number suffix MAC
Holdings
Withdrawn status Lost status Not for loan Collection code Home library Current library Date acquired Source of acquisition Cost, normal purchase price Full call number Barcode Copy number Cost, replacement price Koha item type
    Not For Loan Non-fiction D.B.Act.Division Bawana 22/02/2017 DBAD/PUB 595.00 370.91443 PAV EN-100835 1 595.00 English Books

© Delhi Public Library
Hit Counter
free hit counter